Rimas / (Record no. 162784)
[ view plain ]
| 000 -LEADER | |
|---|---|
| campo de control de longitud fija | 00896nam a2200241 i 4500 |
| 001 - NÚMERO DE CONTROL | |
| campo de control | 162784 |
| 003 - IDENTIFICADOR DE NÚMERO DE CONTROL | |
| campo de control | ES-MaACL |
| 005 - FECHA Y HORA DE LA ÚLTIMA TRANSACCIÓN | |
| campo de control | 20250820142434.0 |
| 008 - DATOS DE LONGITUD FIJA--INFORMACIÓN GENERAL | |
| campo de control de longitud fija | 940615s1891 sp a |||| | spa d |
| 040 ## - FUENTE DE CATALOGACIÓN | |
| Centro catalogador/agencia de origen | AR |
| Lengua de catalogación | spa |
| 080 ## - NÚMERO DE LA CLASIFICACIÓN DECIMAL UNIVERSAL | |
| Número de la Clasificación Decimal Universal | 821.134.2-14"18" |
| 100 1# - ENTRADA PRINCIPAL--NOMBRE DE PERSONA | |
| Nombre de persona | Querol, Vicente W. |
| 9 (RLIN) | 94547 |
| 245 10 - MENCIÓN DEL TÍTULO | |
| Título | Rimas / |
| Mención de responsabilidad, etc. | de Vicente W. Querol ; con un prólogo de Teodoro Llorente. |
| 260 ## - PUBLICACIÓN, DISTRIBUCIÓN, ETC. | |
| Lugar de publicación, distribución, etc. | Madrid : |
| Nombre del editor, distribuidor, etc. | [s.n.], |
| Fecha de publicación, distribución, etc. | 1891 ( |
| Fabricante | Imp. y Fundición de M. Tello) |
| 300 ## - DESCRIPCIÓN FÍSICA | |
| Extensión | XLIV, 365 p., [1] h. de lám. ; |
| Dimensiones | 18 cm. |
| 490 1# - MENCIÓN DE SERIE | |
| Mención de serie | Colección de escritores castellanos. Líricos ; |
| Designación de volumen o secuencia | 90 |
| 597 ## - NOTA DE DESCRIPCIÓN FÍSICA | |
| NOTA DE DESCRIPCIÓN FÍSICA | Port. a dos tintas orlada. |
| 599 ## - NOTA A LAS ILUSTRACIONES | |
| NOTA A LAS ILUSTRACIONES | H. de lám. calc. : "B. Maura f.", retrato del autor. - |
| 700 1# - ENTRADA AGREGADA--NOMBRE PERSONAL | |
| Nombre de persona | Llorente, Teodoro, |
| Fechas asociadas al nombre | 1836-1911 |
| 9 (RLIN) | 150700 |
| 830 0# - PUNTO DE ACCESO ADICIONAL DE SERIE-TÍTULO UNIFORME | |
| Título uniforme | Colección de escritores castellanos. Líricos ; |
| Designación de volumen o secuencia | 90 |
| 9 (RLIN) | 187678 |
| 852 ## - LOCALIZACIÓN | |
| Ubicación | ES-MaACL |
| Número de control de estantería | F-12659 |
| Nota libre | -- Enc. hol. |
| Estatus retirado | Estado de pérdida | Estado de daño | No para préstamo | Colección | Biblioteca de origen | Biblioteca actual | Ubicación en estantería | Fecha de adquisición | Fuente de adquisición | Total de préstamos | Signatura topográfica completa | Código de barras | Visto por última vez | Precio de reemplazo | Tipo de ítem Koha |
|---|---|---|---|---|---|---|---|---|---|---|---|---|---|---|---|
| Libros del s. XIX | Biblioteca del Ateneo de Madrid | Biblioteca del Ateneo de Madrid | Sala Pecera Planta 2 | 17/01/2008 | F-12659 | 1170554 | 23/02/2023 | 23/02/2023 | Libro impreso antiguo |
